000 00518nam a2200169Ia 4500
003 GCL
008 140319s9999 xx 000 0 ara d
040 _aGCL /
_cGCL
082 0 4 _a811.082
_bع و
100 1 _aعائشة ارناؤوط
245 1 0 _aالوطن المحرم (شعر) /
_cعائشة ارناؤوط
260 _a[S.N] :
_bدار الفكر للدراسات والنشر والتوزيع
490 _a
650 0 4 _aالشعر العربى
650 0 4 _aدواوين وقصائد
942 _2ddc
_cBK
999 _c54658
_d54658